| 000 | 01447nam a2200325 c 4500 | ||
|---|---|---|---|
| 999 |
_c123847 _d123847 |
||
| 003 | BLK | ||
| 005 | 20191004090929.0 | ||
| 008 | 180409b bul|||||r ||||||| ||bul|| | ||
| 010 | _aKNG00129510000 | ||
| 040 | _aBLK | ||
| 041 |
_aBUL _cBUL |
||
| 072 | 7 |
_2bullib _aА _xФонд Михаил Арнаудов |
|
| 080 |
_aАнглийска литература _b821.111 _x-21 _z821.111-21 |
||
| 100 | 1 |
_aБайрон, Джордж Гордън Ноуъл _eпърви автор _9367011 |
|
| 139 |
_aБайрон, Джордж Гордън Ноуъл _bБ 15 |
||
| 245 | 1 | 0 |
_aМанфред _bДрам. поема _cДжордж Гордън Ноуъл Байрон; прев. от англ. Николай Вранчев. |
| 257 | _aGBR | ||
| 260 |
_c1924 _fСофия : Либер. клуб |
||
| 300 |
_a75 с. _c18 см |
||
| 380 | _aX | ||
| 490 | 1 |
_aБиблиотека Ралица _v23 |
|
| 490 |
_aЧастна колекция - Академик Михаил Арнаудов _9396381 _gДарение - Основен фонд |
||
| 500 | _aСъдържа и статия Живот и творчество на Байрон / Н. Вранчев. - Фонд Михаил Арнаудов - мека подв. | ||
| 659 | _aА | ||
| 700 | 1 |
_aВранчев, Николай _eпрев. от англ. _9370908 |
|
| 852 | _aЦб 8.170.35865 | ||
| 852 | _aМА 2264 | ||
| 856 | 4 | _qpdf | |
| 856 | 4 | _qpdf | |
| 942 |
_cKNG _n0 _s1 |
||
| 944 |
_aCR _c04.04.2012 _l04.04.2012 - от С1,Р / 04.04.2012 _kНаталия_Медовщикова |
||
| 944 |
_aED _c23.11.2016 _l04.04.2012 - от С1,Р / 04.04.2012 |
||
| 999 | _d123847 | ||